Хорошего человека найти нелегко: рассказы

Bibliografiske detaljer
Hovedforfatter: О'Коннор Ф. Фланнери
Sprog:russisk
Udgivet: Москва, Прогресс, 1974
Fag:
Format: MixedMaterials Bog
KOHA link:https://koha.lib.tpu.ru/cgi-bin/koha/opac-detail.pl?biblionumber=208120

MARC

LEADER 00000nam0a2200000 4500
001 208120
005 20231101225437.0
035 |a (RuTPU)RU\TPU\book\227170 
090 |a 208120 
100 |a 20120131d1974 m y0rusy50 ca 
101 1 |a rus  |c eng 
102 |a RU 
105 |a a z 001ay 
200 1 |a Хорошего человека найти нелегко  |e рассказы  |f Ф. О'Коннор 
210 |a Москва  |c Прогресс  |d 1974 
215 |a 286 с.  |c ил. 
606 1 |a Английская литература  |2 stltpush  |3 (RuTPU)RU\TPU\subj\29042  |9 52454 
610 1 |a художественная литература 
610 1 |a проза 
610 1 |a рассказы 
675 |a 82  |v 3 
700 1 |a О'Коннор  |b Ф.  |g Фланнери 
801 1 |a RU  |b 63413507  |c 20120131 
801 2 |a RU  |b 63413507  |c 20220118  |g RCR 
942 |c BK